Albert Camus : (Record no. 151934)

MARC details
000 -LEADER
fixed length control field 00545nam a22001817a 4500
005 - DATE AND TIME OF LATEST TRANSACTION
control field 20180508152124.0
010 ## - LCCN (DPL NO)
LC control number ENG-123002
020 ## - INTERNATIONAL STANDARD BOOK NUMBER
International Standard Book Number 9788121406625
Terms of availability 525.00
035 ## - SYSTEM CONTROL NUMBER
System control number EN-106534
037 ## - SOURCE OF ACQUISITION
Stock number DBAD/PUB.
082 ## - DEWEY DECIMAL CLASSIFICATION NUMBER
Classification number 181.4
100 ## - MAIN ENTRY--PERSONAL NAME
Personal name Chandra, Sharad
245 ## - TITLE STATEMENT
Title Albert Camus :
Statement of responsibility, etc by Sharad Chandra
Remainder of title Sense of the sacred /
260 ## - PUBLICATION, DISTRIBUTION, ETC. (IMPRINT)
Place of publication, distribution, etc New Delhi
Name of publisher, distributor, etc National Publishing House
Date of publication, distribution, etc 2016
270 ## - ADDRESS
Address 4230/1, Ansari Road, Darya Ganj
City New Delhi
Postal code 110002
300 ## - PHYSICAL DESCRIPTION
Extent 158p.
Other physical details 22cm(hb)
942 ## - ADDED ENTRY ELEMENTS (KOHA)
Source of classification or shelving scheme Dewey Decimal Classification
Item type English Books
Classification part 181.4
Call number suffix CHA
Holdings
Withdrawn status Lost status Not for loan Collection code Home library Current library Date acquired Cost, normal purchase price Full call number Barcode Copy number Cost, replacement price Koha item type
    Not For Loan Non-fiction D.B.Act.Division Sarojini Nagar 08/05/2018 525.00 181.4 CHA EN-106534 1 525.00 English Books

© Delhi Public Library
Hit Counter
free hit counter